[Event "Wloclawek CC Classic 22nd"]
[Site "Wloclawek"]
[Date "2019.??.??"]
[Round "2"]
[White "Durzynski, Jan"]
[Black "Olechnicki, Krzysztof"]
[Result "0-1"]
[WhiteElo "1001"]
[BlackElo "1401"]
[PlyCount "44"]
[EventDate "2019.04.??"]
[EventType "swiss"]
[EventRounds "7"]
[EventCountry "POL"]
[SourceTitle "EXT 2021"]
[Source "ChessBase"]
[SourceDate "2020.10.23"]
[SourceVersion "1"]
[SourceVersionDate "2020.10.23"]
[SourceQuality "1"]

1. e4 e6 2. d4 d5 3. Nd2 c5 4. exd5 exd5 5. Ngf3 Bg4 6. Bb5+ Nc6 7. h3 Qe7+ 8. Qe2 Qxe2+ 9. Kxe2 Bd7 10. Re1 Nxd4+ 11. Nxd4 cxd4 12. Kd3+ Kd8 13. Bxd7 Kxd7 14. Kxd4 Rc8 15. c3 Bc5+ 16. Kxd5 Nf6+ 17. Ke5 Rhe8+ 18. Kf4 Rxe1 19. f3 Bd6+ 20. Kg5 Re5+ 21. Kf4 Re4+ 22. Kf5 Rc5# 0-1

[Event "Wloclawek CC Classic 22nd"]
[Site "Wloclawek"]
[Date "2019.??.??"]
[Round "7"]
[White "Olechnicki, Krzysztof"]
[Black "Milewski, Miroslaw"]
[Result "1-0"]
[WhiteElo "1401"]
[BlackElo "1214"]
[PlyCount "55"]
[EventDate "2019.04.??"]
[EventType "swiss"]
[EventRounds "7"]
[EventCountry "POL"]
[SourceTitle "EXT 2021"]
[Source "ChessBase"]
[SourceDate "2020.10.23"]
[SourceVersion "1"]
[SourceVersionDate "2020.10.23"]
[SourceQuality "1"]

1. c4 e6 2. Nc3 Nf6 3. d4 d5 4. cxd5 Nxd5 5. Nxd5 exd5 6. g3 Qf6 7. Nf3 Bg4 8. Ne5 Bf5 9. Bg2 c6 10. 0-0 Bd6 11. f4 0-0 12. Qb3 Bxe5 13. fxe5 Qe7 14. Rxf5 Qd7 15. Qd3 Na6 16. Bd2 Nc7 17. Bb4 Rfd8 18. Raf1 Ne6 19. Rxf7 Qc8 20. Bh3 a5 21. Bd6 g6 22. Re7 Re8 23. Bxe6+ Qxe6 24. Rxe6 Rxe6 25. Qf3 Ree8 26. Qf7+ Kh8 27. Qxb7 Rg8 28. Rf7 1-0

[Event "Wloclawek CC Classic 22nd"]
[Site "Wloclawek"]
[Date "2019.??.??"]
[Round "6"]
[White "Tomczak, Grazyna"]
[Black "Olechnicki, Krzysztof"]
[Result "0-1"]
[WhiteElo "1250"]
[BlackElo "1401"]
[PlyCount "159"]
[EventDate "2019.04.??"]
[EventType "swiss"]
[EventRounds "7"]
[EventCountry "POL"]
[SourceTitle "EXT 2021"]
[Source "ChessBase"]
[SourceDate "2020.10.23"]
[SourceVersion "1"]
[SourceVersionDate "2020.10.23"]
[SourceQuality "1"]

1. e3 f6 2. d3 g6 3. h3 Bg7 4. g3 e6 5. Bg2 Ne7 6. a3 Nbc6 7. Qd2 b6 8. Nc3 Bb7 9. Nf3 d5 10. b3 Rb8 11. Bb2 e5 12. h4 0-0 13. h5 g5 14. h6 Bh8 15. Nh2 Ng6 16. Bxd5+ Rf7 17. Bxf7+ Kxf7 18. Rf1 Qf8 19. 0-0-0 Qxh6 20. Ng4 Qf8 21. f4 Bc8 22. Nf2 h6 23. fxg5 hxg5 24. Nfe4 Qd8 25. Nxg5+ Ke8 26. Nge4 Bg4 27. Rde1 Be6 28. Qh2 f5 29. Qh6 Nce7 30. Ng5 Kd7 31. Nxe6 Kxe6 32. Qh1 Bf6 33. g4 fxg4 34. Qg2 g3 35. Qxg3 a6 36. Qg4+ Kf7 37. Ne4 Nd5 38. Qh5 Qh8 39. Qf5 Nge7 40. Qf3 Ng6 41. Ng5+ Kg7 42. Ne6+ Kf7 43. Qxd5 Ke7 44. Nxc7 Qc8 45. Rxf6 Kxf6 46. Rf1+ Kg5 47. Qg2+ Qg4 48. Ne6+ Kh5 49. Rh1+ Nh4 50. Qc6 Rg8 51. Bxe5 Rg6 52. Nf4+ Qxf4 53. Qd5 Qxe3+ 54. Kb2 Rg5 55. Qf7+ Kg4 56. d4 Nf5 57. Qe6 Qf3 58. Rg1+ Kh3 59. Qxb6 Rxg1 60. d5 Qd1 61. Kc3 Rg2 62. Qxa6 Qa1+ 63. Kb4 Qxe5 64. c4 Qe1+ 65. Kb5 Nd4+ 66. Ka4 Qe8+ 67. Kb4 Nc2+ 68. Kc5 Rg6 69. Qa7 Qc8+ 70. Kb5 Nxa3+ 71. Kb4 Nc2+ 72. Kc3 Rg3+ 73. Kxc2 Qf5+ 74. Kb2 Qe5+ 75. Ka3 Qa1+ 76. Kb4 Qxa7 77. Kb5 Rxb3+ 78. Kc6 Rb6+ 79. Kc5 Ra6+ 80. Kb5 0-1

[Event "Wloclawek CC Classic 21st"]
[Site "Wloclawek"]
[Date "2018.??.??"]
[Round "4"]
[White "Olechnicki, Krzysztof"]
[Black "Lapinski, Jerzy"]
[Result "1/2-1/2"]
[WhiteElo "1429"]
[BlackElo "1266"]
[PlyCount "129"]
[EventDate "2018.06.??"]
[EventType "swiss"]
[EventRounds "7"]
[EventCountry "POL"]
[SourceTitle "EXT 2021"]
[Source "ChessBase"]
[SourceDate "2020.10.23"]
[SourceVersion "1"]
[SourceVersionDate "2020.10.23"]
[SourceQuality "1"]

1. Nf3 d5 2. c4 e6 3. e3 Nf6 4. Nc3 c6 5. g3 Bd6 6. d4 b6 7. Qc2 0-0 8. cxd5 exd5 9. Bd3 Re8 10. Bf5 Bb4 11. 0-0 Bxc3 12. bxc3 Nbd7 13. Re1 Ne4 14. c4 Bb7 15. Nd2 Ndf6 16. Nxe4 dxe4 17. Bb2 g6 18. Bh3 Qe7 19. Qc3 Kg7 20. Rad1 Rad8 21. Rd2 Rd6 22. Red1 h5 23. Ba3 c5 24. Rf1 Kh7 25. Bb2 Rg8 26. d5 Ng4 27. f3 exf3 28. Rxf3 Bc8 29. Rd1 Bf5 30. Rdf1 Qe4 31. Bxg4 hxg4 32. Rf4 Qe7 33. Re1 Bc8 34. e4 g5 35. Rf2 Qe8 36. e5 Rdg6 37. Qd3 Kh6 38. Ref1 Rf8 39. e6 f6 40. Rxf6 Rgxf6 41. Rxf6+ Rxf6 42. Bxf6 Qg6 43. Qf1 Qe4 44. Qc1 Qf5 45. Qb2 Qf3 46. Qf2 Kg6 47. Bd8 Qxf2+ 48. Kxf2 Kf5 49. Ke3 Kg6 50. Ke4 Ba6 51. e7 Kf7 52. Kd3 Bc8 53. d6 Bd7 54. Ke4 Kg7 55. Ke5 Kf7 56. Bc7 Be8 57. Kf5 Bd7+ 58. Kxg5 Be6 59. Kf4 Bd7 60. Ke5 Bc6 61. Bb8 a6 62. Bc7 b5 63. cxb5 axb5 64. Kf5 Bd7+ 65. Ke4 1/2-1/2

[Event "Wloclawek CC Classic 18th"]
[Site "Wloclawek"]
[Date "2017.??.??"]
[Round "4"]
[White "Bychowska, Marta"]
[Black "Olechnicki, Krzysztof"]
[Result "0-1"]
[WhiteElo "1250"]
[BlackElo "1352"]
[PlyCount "82"]
[EventDate "2017.04.??"]
[EventType "swiss"]
[EventRounds "7"]
[EventCountry "POL"]
[SourceTitle "EXT 2021"]
[Source "ChessBase"]
[SourceDate "2020.10.23"]
[SourceVersion "1"]
[SourceVersionDate "2020.10.23"]
[SourceQuality "1"]

1. e4 e6 2. d4 d5 3. e5 c5 4. Nf3 Nc6 5. Be2 Qb6 6. dxc5 Bxc5 7. 0-0 Nge7 8. c4 d4 9. a3 Ng6 10. b4 Be7 11. Bb2 Ngxe5 12. Nxe5 Nxe5 13. Bxd4 Qc7 14. Bxe5 Qxe5 15. Ra2 0-0 16. Bf3 Rb8 17. Rd2 b6 18. Re1 Qc7 19. Qc2 Bd6 20. h3 Bb7 21. Bxb7 Rxb7 22. Nc3 a6 23. Ne4 Bf4 24. Rd3 Rd8 25. Red1 Rbb8 26. c5 Rxd3 27. Rxd3 f5 28. Nc3 bxc5 29. bxc5 Qxc5 30. Qd1 Bc7 31. Na4 Qe5 32. g3 f4 33. Qg4 Rb1+ 34. Kh2 Qe4 35. Rd1 fxg3+ 36. fxg3 Qc2+ 37. Kg1 Rxd1+ 38. Qxd1 Qxd1+ 39. Kg2 Qxa4 40. h4 Qxa3 41. Kh3 Qxg3# 0-1

[Event "Wloclawek CC Classic 19th"]
[Site "Wloclawek"]
[Date "2017.??.??"]
[Round "6"]
[White "Milewski, Miroslaw"]
[Black "Olechnicki, Krzysztof"]
[Result "1/2-1/2"]
[WhiteElo "1600"]
[BlackElo "1379"]
[PlyCount "74"]
[EventDate "2017.06.??"]
[EventType "swiss"]
[EventRounds "7"]
[EventCountry "POL"]
[SourceTitle "EXT 2021"]
[Source "ChessBase"]
[SourceDate "2020.10.23"]
[SourceVersion "1"]
[SourceVersionDate "2020.10.23"]
[SourceQuality "1"]

1. e4 e6 2. d4 d5 3. e5 c5 4. c3 Qb6 5. b3 Nc6 6. Nf3 cxd4 7. cxd4 Bb4+ 8. Bd2 Nge7 9. Bxb4 Qxb4+ 10. Qd2 Qb6 11. Nc3 Nf5 12. Na4 Qb4 13. Qxb4 Nxb4 14. Bb5+ Bd7 15. Bxd7+ Kxd7 16. 0-0 b6 17. Nc3 h6 18. Ne2 Rhc8 19. a3 Nc6 20. b4 Nd8 21. Rac1 Rxc1 22. Rxc1 Rc8 23. Rxc8 Kxc8 24. Nf4 g6 25. h3 Kc7 26. g4 Ng7 27. Ne2 Kc6 28. Nc3 a6 29. a4 Ne8 30. b5+ Kb7 31. Nd2 f6 32. f4 fxe5 33. fxe5 axb5 34. axb5 Ng7 35. Nf3 Nf7 36. Kf2 g5 37. h4 Ne8 1/2-1/2

[Event "Wloclawek CC Classic 18th"]
[Site "Wloclawek"]
[Date "2017.??.??"]
[Round "1"]
[White "Olechnicki, Krzysztof"]
[Black "Janik, Krystian"]
[Result "0-1"]
[WhiteElo "1352"]
[BlackElo "1833"]
[PlyCount "84"]
[EventDate "2017.04.??"]
[EventType "swiss"]
[EventRounds "7"]
[EventCountry "POL"]
[SourceTitle "EXT 2021"]
[Source "ChessBase"]
[SourceDate "2020.10.23"]
[SourceVersion "1"]
[SourceVersionDate "2020.10.23"]
[SourceQuality "1"]

1. Nf3 d5 2. g3 Nd7 3. Bg2 e5 4. d3 Ngf6 5. Bg5 Be7 6. Nbd2 c6 7. c3 h6 8. Bxf6 Nxf6 9. 0-0 0-0 10. h3 a5 11. d4 exd4 12. cxd4 Qb6 13. Nb3 a4 14. Nc5 Qxb2 15. Nd2 Qxd4 16. Nd3 Bf5 17. Nf3 Qa7 18. Nde5 Be4 19. Nd2 Bd6 20. Ndf3 Bxf3 21. Nxf3 Bxg3 22. e3 Bc7 23. Rb1 Rfe8 24. Nd4 Ne4 25. Qd3 Be5 26. Nf5 Rad8 27. Rb4 a3 28. Rfb1 Bb2 29. Bxe4 dxe4 30. Qb3 Qc5 31. Rxb7 Qxf5 32. Re1 Re6 33. Rb8 Rg6+ 34. Kf1 Qxh3+ 35. Ke2 Rxb8 36. Qxb8+ Kh7 37. Qb4 Qh5+ 38. Kf1 Qd5 39. Qa4 Qd3+ 40. Re2 c5 41. Qa5 Bc3 42. Qa4 Qb1+ 0-1

[Event "Wloclawek CC Classic 19th"]
[Site "Wloclawek"]
[Date "2017.??.??"]
[Round "1"]
[White "Olechnicki, Krzysztof"]
[Black "Janik, Krystian"]
[Result "1/2-1/2"]
[WhiteElo "1379"]
[BlackElo "1827"]
[PlyCount "100"]
[EventDate "2017.06.??"]
[EventType "swiss"]
[EventRounds "7"]
[EventCountry "POL"]
[SourceTitle "EXT 2021"]
[Source "ChessBase"]
[SourceDate "2020.10.23"]
[SourceVersion "1"]
[SourceVersionDate "2020.10.23"]
[SourceQuality "1"]

1. e4 c5 2. Nf3 d6 3. Bc4 e6 4. Nc3 Nc6 5. d4 cxd4 6. Nxd4 Nf6 7. Bb5 Bd7 8. Be3 Be7 9. f3 Qc7 10. Nxc6 bxc6 11. Bd3 0-0 12. 0-0 Rab8 13. Rb1 c5 14. Qe2 Bc6 15. Bb5 Ba8 16. Rfd1 Rfd8 17. Bc4 Bc6 18. Bb5 Rb7 19. Bxc6 Qxc6 20. Rd2 Nd7 21. f4 Nb6 22. b3 d5 23. exd5 exd5 24. Qf3 Bf6 25. Bf2 Rbd7 26. Rbd1 Bxc3 27. Qxc3 Rc7 28. Qg3 Re7 29. Qc3 Rc8 30. Bh4 f6 31. Bf2 d4 32. Qh3 Rce8 33. c3 Re2 34. cxd4 cxd4 35. Rxe2 Rxe2 36. Qd3 Rxa2 37. Qxd4 Kf7 38. Qd8 Rc2 39. Qd3 Rc1 40. Bxb6 axb6 41. g3 Qc5+ 42. Kg2 Rc2+ 43. Rd2 Qc6+ 44. Kf2 Qc5+ 45. Kf1 Rc1+ 46. Rd1 Qc6 47. Rxc1 Qxc1+ 48. Kg2 Qc6+ 49. Kh3 Qc8+ 50. g4 Qc7 1/2-1/2

[Event "Wloclawek CC Classic 16th"]
[Site "Wloclawek "]
[Date "2016.??.??"]
[Round "7"]
[White "Cichocka, Katarzyna"]
[Black "Olechnicki, Krzysztof"]
[Result "1-0"]
[WhiteElo "1492"]
[BlackElo "1349"]
[PlyCount "89"]
[EventDate "2016.04.??"]
[EventType "swiss"]
[EventRounds "7"]
[EventCountry "POL"]
[SourceTitle "EXT 2021"]
[Source "ChessBase"]
[SourceDate "2020.10.23"]
[SourceVersion "1"]
[SourceVersionDate "2020.10.23"]
[SourceQuality "1"]

1. e4 e6 2. d4 d5 3. exd5 exd5 4. Nf3 Nf6 5. Bd3 Bd6 6. 0-0 0-0 7. Bg5 Bg4 8. c3 Nbd7 9. Nbd2 h6 10. Bh4 c5 11. dxc5 Bxc5 12. Qb3 Qb6 13. Qxb6 Bxb6 14. Rfe1 Rfe8 15. Bb5 g5 16. Bg3 a6 17. Ba4 Re6 18. h3 Bxf3 19. Nxf3 Nc5 20. Bc2 Nce4 21. Nd4 Bxd4 22. cxd4 Rae8 23. Be5 Nd7 24. Bh2 Nd2 25. Rxe6 fxe6 26. Rd1 Nc4 27. b3 Na5 28. Bg6 Rc8 29. f4 Nf6 30. fxg5 hxg5 31. Rf1 Kg7 32. Be5 Kxg6 33. Rxf6+ Kh7 34. Rxe6 Rc2 35. Re7+ Kg6 36. Rg7+ Kh6 37. a4 Rb2 38. Rd7 Rxb3 39. Rxd5 Nc6 40. Bf6 g4 41. hxg4 Ra3 42. g5+ Kg6 43. Rd7 Rxa4 44. g4 Nxd4 45. Rg7# 1-0

[Event "Wloclawek CC Classic 17th"]
[Site "Wloclawek"]
[Date "2016.??.??"]
[Round "2"]
[White "Dyrka, Milosz"]
[Black "Olechnicki, Krzysztof"]
[Result "1/2-1/2"]
[WhiteElo "1403"]
[BlackElo "1336"]
[PlyCount "140"]
[EventDate "2016.06.??"]
[EventType "swiss"]
[EventRounds "7"]
[EventCountry "POL"]
[SourceTitle "EXT 2021"]
[Source "ChessBase"]
[SourceDate "2020.10.23"]
[SourceVersion "1"]
[SourceVersionDate "2020.10.23"]
[SourceQuality "1"]

1. e4 e6 2. d4 d5 3. Bd3 Nf6 4. e5 Nfd7 5. Nf3 c5 6. c3 Nc6 7. 0-0 Qb6 8. Bc2 Be7 9. Qd3 cxd4 10. cxd4 f6 11. Re1 Qc7 12. Bf4 fxe5 13. Bxe5 Ndxe5 14. Nxe5 Nb4 15. Ba4+ Nc6 16. Nd2 Bd7 17. Nxd7 Qxd7 18. Nf3 Bf6 19. Qf5 Ke7 20. Re2 Nxd4 21. Nxd4 Qxa4 22. Qxe6+ Kf8 23. Qd6+ Kf7 24. Qxd5+ Kg6 25. Qf5+ Kf7 26. Qd5+ Kg6 27. g4 h5 28. Qf5+ Kf7 29. Re4 Rae8 30. Rxe8 Rxe8 31. Qxh5+ g6 32. Qd5+ Kg7 33. Ne6+ Kh6 34. g5+ Kh7 35. gxf6 Qg4+ 36. Kf1 Qh3+ 37. Qg2 Qxe6 38. Qxb7+ Kh6 39. Qf3 Rf8 40. Qe3+ Qxe3 41. fxe3 Rxf6+ 42. Ke2 Rc6 43. Kd2 Rd6+ 44. Kc3 Re6 45. Re1 Kg5 46. Re2 Kg4 47. b4 Kf3 48. Rd2 Kxe3 49. Rd7 a6 50. a4 Rc6+ 51. Kb3 Kf3 52. b5 Re6 53. Kb4 Kg2 54. Rh7 g5 55. Ka5 axb5 56. axb5 Re1 57. b6 Ra1+ 58. Kb5 Rb1+ 59. Ka6 Ra1+ 60. Kb7 g4 61. Kc7 Rc1+ 62. Kb8 Rh1 63. b7 g3 64. h4 Kh3 65. Kc8 Rc1+ 66. Rc7 Rxc7+ 67. Kxc7 g2 68. b8Q g1Q 69. Qc8+ Kxh4 70. Qh8+ Kg3 1/2-1/2

[Event "Wloclawek CC Classic 17th"]
[Site "Wloclawek"]
[Date "2016.??.??"]
[Round "6"]
[White "Olechnicki, Krzysztof"]
[Black "Jaloszynski, Ryszard"]
[Result "1-0"]
[WhiteElo "1336"]
[BlackElo "1250"]
[PlyCount "55"]
[EventDate "2016.06.??"]
[EventType "swiss"]
[EventRounds "7"]
[EventCountry "POL"]
[SourceTitle "EXT 2021"]
[Source "ChessBase"]
[SourceDate "2020.10.23"]
[SourceVersion "1"]
[SourceVersionDate "2020.10.23"]
[SourceQuality "1"]

1. Nf3 e6 2. g3 c5 3. Bg2 d6 4. d3 Nf6 5. Bg5 Be7 6. Nbd2 Bd7 7. e4 Nc6 8. 0-0 Qc7 9. h3 Ne5 10. Nxe5 dxe5 11. Nc4 Bc6 12. Qd2 h6 13. Be3 b6 14. f4 exf4 15. Bxf4 Qb7 16. Ne5 Nh5 17. g4 Nxf4 18. Qxf4 Bf6 19. Nxc6 Bxb2 20. Rab1 g5 21. Qd6 Bd4+ 22. Nxd4 cxd4 23. e5 Qc8 24. Bxa8 Qxa8 25. Qxd4 h5 26. Qf2 Qb7 27. gxh5 Rxh5 28. Qf3 1-0

[Event "Wloclawek CC Classic 16th"]
[Site "Wloclawek "]
[Date "2016.??.??"]
[Round "4"]
[White "Olechnicki, Krzysztof"]
[Black "Milecki, Robert"]
[Result "0-1"]
[WhiteElo "1349"]
[BlackElo "1544"]
[PlyCount "62"]
[EventDate "2016.04.??"]
[EventType "swiss"]
[EventRounds "7"]
[EventCountry "POL"]
[SourceTitle "EXT 2021"]
[Source "ChessBase"]
[SourceDate "2020.10.23"]
[SourceVersion "1"]
[SourceVersionDate "2020.10.23"]
[SourceQuality "1"]

1. Nf3 Nf6 2. g3 c5 3. Bg2 Nc6 4. d3 d5 5. Bf4 e5 6. Nxe5 g6 7. Nxc6 bxc6 8. Nd2 Bg7 9. Be5 0-0 10. e4 Re8 11. f4 Ng4 12. Bxg7 Ne3 13. Bf3 Nxd1 14. Bxd1 Kxg7 15. e5 f6 16. Nf3 Bg4 17. Kd2 Bxf3 18. Bxf3 fxe5 19. f5 Qg5+ 20. Kc3 gxf5 21. h4 Qf6 22. Bh5 e4+ 23. Kd2 Qh6+ 24. Kc3 d4+ 25. Kb3 Reb8+ 26. Ka3 Qd6 27. b3 c4+ 28. Kb2 c3+ 29. Kc1 Qxg3 30. Kd1 Qg2 31. Re1 Qd2# 0-1

[Event "Wloclawek CC Classic 12th"]
[Site "Wloclawek"]
[Date "2015.??.??"]
[Round "4"]
[White "Krasucki, Piotr"]
[Black "Olechnicki, Krzysztof"]
[Result "1-0"]
[WhiteElo "2000"]
[BlackElo "1296"]
[PlyCount "121"]
[EventDate "2015.03.??"]
[EventType "swiss"]
[EventRounds "7"]
[EventCountry "POL"]
[SourceTitle "EXT 2021"]
[Source "ChessBase"]
[SourceDate "2020.10.23"]
[SourceVersion "1"]
[SourceVersionDate "2020.10.23"]
[SourceQuality "1"]

1. e4 e6 2. d4 d5 3. Nd2 c5 4. Ngf3 Qb6 5. c3 Nc6 6. exd5 exd5 7. Nb3 Bg4 8. dxc5 Bxc5 9. Nxc5 Qxc5 10. Be2 Nf6 11. Be3 Qe7 12. h3 Be6 13. b4 Ne4 14. Qc2 a6 15. 0-0 0-0 16. a3 Qd7 17. c4 Bf5 18. Bd3 Bxh3 19. gxh3 Qxh3 20. Bxe4 Qg4+ 21. Kh1 dxe4 22. Nh2 Qe6 23. Rg1 f5 24. Qc3 Rf7 25. Rad1 f4 26. Bxf4 Qf5 27. Be3 Re8 28. Rd5 Qe6 29. Bd4 Nxd4 30. Qxd4 Rf6 31. Rd8 Rxd8 32. Qxd8+ Rf8 33. Qd5 Qxd5 34. cxd5 Rxf2 35. Rd1 e3 36. Kg1 e2 37. Re1 Rf5 38. Rxe2 Rxd5 39. Kf2 b5 40. Re6 Rd2+ 41. Kg1 Rd1+ 42. Nf1 Kf7 43. Rxa6 Re1 44. Kf2 Re5 45. Rb6 g6 46. Nd2 h5 47. Nb3 h4 48. Nd4 h3 49. Rxb5 Rxb5 50. Nxb5 g5 51. Kg3 g4 52. Nd6+ Ke6 53. Ne4 Kd7 54. Kxg4 h2 55. Ng3 h1Q 56. Nxh1 Kc6 57. Kf4 Kb5 58. Ke4 Ka4 59. Kd4 Kxa3 60. b5 Ka4 61. b6 1-0

[Event "Wloclawek CC Classic 13th"]
[Site "Wloclawek"]
[Date "2015.??.??"]
[Round "6"]
[White "Olechnicki, Krzysztof"]
[Black "Cichocka, Katarzyna"]
[Result "0-1"]
[WhiteElo "1306"]
[BlackElo "1430"]
[PlyCount "96"]
[EventDate "2015.04.??"]
[EventType "swiss"]
[EventRounds "7"]
[EventCountry "POL"]
[SourceTitle "EXT 2021"]
[Source "ChessBase"]
[SourceDate "2020.10.23"]
[SourceVersion "1"]
[SourceVersionDate "2020.10.23"]
[SourceQuality "1"]

1. c4 c5 2. Nc3 Nc6 3. g3 g6 4. Bg2 Bg7 5. d3 Nf6 6. Bd2 0-0 7. h3 d6 8. e4 Nb4 9. Be3 Nd7 10. Nge2 Ne5 11. Nc1 Bd7 12. a3 Na6 13. 0-0 Nc7 14. f4 Nc6 15. N1e2 Nd4 16. Bxd4 cxd4 17. Nb1 e6 18. Nd2 b5 19. e5 Rb8 20. exd6 Na6 21. Rb1 Qb6 22. Ne4 bxc4 23. Kh2 cxd3 24. Qxd3 Bb5 25. Qd2 f5 26. Ng5 Qxd6 27. Rfd1 Rfd8 28. Nf3 Bxe2 29. Qxe2 Nc5 30. Nd2 d3 31. Qf3 Rxb2 32. Nc4 Rxg2+ 33. Kxg2 Qa6 34. Rbc1 Nb3 35. Rxd3 Rxd3 36. Qa8+ Bf8 37. Rc2 Rd7 38. Qe8 Re7 39. Qb8 Qb7+ 40. Qxb7 Rxb7 41. Rb2 Nc5 42. Re2 Ne4 43. Ne5 Bxa3 44. Re3 Rb2+ 45. Kf1 Bc5 46. Nd3 Bxe3 47. Nxb2 Nxg3+ 48. Kg2 Bxf4 0-1

[Event "Wloclawek CC Classic 12th"]
[Site "Wloclawek"]
[Date "2015.??.??"]
[Round "3"]
[White "Olechnicki, Krzysztof"]
[Black "Kaczynski, Maciej"]
[Result "0-1"]
[WhiteElo "1296"]
[BlackElo "1617"]
[PlyCount "120"]
[EventDate "2015.03.??"]
[EventType "swiss"]
[EventRounds "7"]
[EventCountry "POL"]
[SourceTitle "EXT 2021"]
[Source "ChessBase"]
[SourceDate "2020.10.23"]
[SourceVersion "1"]
[SourceVersionDate "2020.10.23"]
[SourceQuality "1"]

1. d4 d5 2. Nc3 f5 3. g3 Nf6 4. Bg2 e6 5. Bg5 c5 6. e3 Nc6 7. Nge2 b6 8. 0-0 Ba6 9. a3 h6 10. Bxf6 Qxf6 11. Re1 Bd6 12. b4 cxb4 13. axb4 Nxb4 14. Ra4 Bc4 15. Qb1 Qe7 16. Na2 Bxa2 17. Rxa2 Nxa2 18. Qxa2 0-0 19. c3 Rfc8 20. Rc1 b5 21. Qa6 Rab8 22. Rb1 Qd7 23. Bf1 Rc6 24. Qa2 a6 25. Nc1 Qc8 26. h3 Rxc3 27. Ne2 Rc2 28. Qa5 Qb7 29. Nc3 Qc7 30. Qxa6 Rxc3 31. Rxb5 Rxb5 32. Qxb5 Kf7 33. Qe2 g6 34. Qf3 Kg7 35. h4 h5 36. Kh2 Ra3 37. Qd1 Ra2 38. Kg2 Bxg3 39. Be2 Bxh4 40. f4 Qc2 41. Qxc2 Rxc2 42. Kf3 Bd8 43. Bb5 Kf6 44. Kg3 Rc3 45. Kf3 Bb6 46. Ke2 h4 47. Kd2 Ba5 48. Bf1 g5 49. fxg5+ Kxg5 50. Bh3 Ra3+ 51. Ke2 Bb6 52. Bg2 Kg4 53. Bf3+ Kg3 54. Bh1 h3 55. Kd2 Kf2 56. e4 dxe4 57. d5 exd5 58. Kc2 d4 59. Kd2 Ra1 60. Bxe4 fxe4 0-1

[Event "Wloclawek CC Classic 14th"]
[Site "Wloclawek"]
[Date "2015.??.??"]
[Round "4"]
[White "Olechnicki, Krzysztof"]
[Black "Kaczynski, Maciej"]
[Result "1-0"]
[WhiteElo "1280"]
[BlackElo "1629"]
[PlyCount "107"]
[EventDate "2015.06.??"]
[EventType "swiss"]
[EventRounds "7"]
[EventCountry "POL"]
[SourceTitle "EXT 2021"]
[Source "ChessBase"]
[SourceDate "2020.10.23"]
[SourceVersion "1"]
[SourceVersionDate "2020.10.23"]
[SourceQuality "1"]

1. d4 d5 2. Nf3 e6 3. Nc3 c5 4. e3 Nc6 5. Bb5 Bd7 6. Bxc6 bxc6 7. Ne5 cxd4 8. exd4 g6 9. Qf3 f6 10. Nxd7 Qxd7 11. 0-0 Kf7 12. Ne2 Bd6 13. Bf4 Ne7 14. Bxd6 Qxd6 15. c3 h5 16. Qf4 Qd7 17. h4 Nf5 18. Ng3 Ng7 19. Rfe1 Rae8 20. Re3 Nf5 21. Nxf5 gxf5 22. Rae1 Rh7 23. Rg3 c5 24. b3 a5 25. dxc5 e5 26. Qd2 Qc6 27. Rd1 Rd8 28. Rd3 Ke6 29. c4 d4 30. Qxa5 Rg7 31. Qb6 Rxg2+ 32. Kf1 Qxb6 33. cxb6 Rg7 34. a4 Rgd7 35. a5 e4 36. R3d2 f4 37. a6 d3 38. a7 Rb7 39. Ra1 Ra8 40. c5 Kd5 41. b4 Kc6 42. Rb2 f3 43. Rc1 Rg7 44. b5+ Kb7 45. Ra2 Rag8 46. a8Q+ Rxa8 47. Rxa8 Kxa8 48. c6 Kb8 49. c7+ Kb7 50. c8Q+ Kxb6 51. Qc6+ Ka5 52. Ra1+ Kb4 53. Rb1+ Ka5 54. Qa6# 1-0

[Event "Wloclawek CC Classic 12th"]
[Site "Wloclawek"]
[Date "2015.??.??"]
[Round "1"]
[White "Olechnicki, Krzysztof"]
[Black "Parol, Pola"]
[Result "1-0"]
[WhiteElo "1296"]
[BlackElo "1859"]
[PlyCount "87"]
[EventDate "2015.03.??"]
[EventType "swiss"]
[EventRounds "7"]
[EventCountry "POL"]
[SourceTitle "EXT 2021"]
[Source "ChessBase"]
[SourceDate "2020.10.23"]
[SourceVersion "1"]
[SourceVersionDate "2020.10.23"]
[SourceQuality "1"]

1. d4 Nf6 2. Nf3 c5 3. e3 g6 4. Nc3 Bg7 5. Be2 0-0 6. 0-0 cxd4 7. Nxd4 d5 8. h3 Nc6 9. f4 Nxd4 10. exd4 Ne4 11. Nxe4 dxe4 12. Be3 f5 13. Bc4+ Kh8 14. c3 a6 15. d5 b5 16. Bb3 Bb7 17. Bd4 Qd6 18. Bxg7+ Kxg7 19. Qd4+ Qf6 20. Qe5 Qxe5 21. fxe5 f4 22. Rae1 e3 23. g3 g5 24. h4 h6 25. Re2 Rf5 26. gxf4 Rxf4 27. Rxe3 Rg4+ 28. Kh2 Rxh4+ 29. Kg3 Rf8 30. Ref3 Rxf3+ 31. Rxf3 h5 32. e6 Rg4+ 33. Kf2 Kg6 34. Ke3 h4 35. Rf7 Rg3+ 36. Kf2 g4 37. Rxe7 Rf3+ 38. Ke2 h3 39. Bc2+ Kg5 40. Rxb7 h2 41. Rh7 Rh3 42. Rxh3 gxh3 43. Be4 Kf4 44. Bh1 1-0